Normal view
MARC view
- Anderson, Robert Brockett
Entry Personal Name
001 - CONTROL NUMBER
- control field: 98148
003 - CONTROL NUMBER IDENTIFIER
- control field: NUST
005 - DATE AND TIME OF LATEST TRANSACTION
- control field: 20220819081029.0
008 - FIXED-LENGTH DATA ELEMENTS
- fixed length control field: 220819|| aca||aabn | a|a d
040 ## - CATALOGING SOURCE
- Original cataloging agency: NUST
- Transcribing agency: NUST
100 ## - HEADING--PERSONAL NAME
- Personal name: Anderson, Robert Brockett
670 ## - SOURCE DATA FOUND
- Source citation: Work cat.: (NUST)180397: Anderson, Robert Brockett,, Proving programs correct / , c1979.
